Toutes les communes de la Vienne sur une carte - Statistiques

Statistiques générales
  • Ce quiz a été pris 1 377 fois
    776 depuis la dernière actualisation
  • Le résultat moyen est 60 sur 265
Réponses sur la Carte
Les réponses sont colorées sur une échelle allant du rouge au vert en fonction du pourcentage des utilisateurs qui les ont devinées à leur premier essai. Vous pouvez retrouver ces pourcentages ci-dessous.
 
Statistiques - réponses
Réponse % Correct
Poitiers
97%
Châtellerault
83%
Montmorillon
72%
Buxerolles
70%
Loudun
68%
Saint-Benoît
66%
Chasseneuil-du-Poitou
65%
Chauvigny
63%
Migné-Auxances
59%
Vouneuil-sous-Biard
57%
Vouneuil-sur-Vienne
57%
Vivonne
56%
Biard
55%
Jaunay-Marigny
54%
Neuville-de-Poitou
54%
Civray
50%
Vouillé
50%
Lusignan
49%
Mignaloux-Beauvoir
49%
Naintré
49%
Lussac-les-Châteaux
47%
Saint-Georges-lès-Baillargeaux
46%
Beaumont Saint-Cyr
45%
Saint-Julien-l'Ars
45%
Fontaine-le-Comte
44%
Ligugé
44%
Mirebeau
44%
Montamisé
44%
Saint-Martin-la-Pallu
44%
Saint-Martin-l'Ars
44%
Dissay
43%
Gençay
43%
La Roche-Posay
41%
Saint-Savin
41%
Civaux
40%
Saint-Pierre-de-Maillé
39%
Saint-Pierre-d'Exideuil
39%
Smarves
39%
Bonneuil-Matours
38%
Iteuil
38%
Dangé-Saint-Romain
36%
Nouaillé-Maupertuis
36%
Croutelle
35%
Lencloître
35%
Rouillé
35%
Availles-en-Châtellerault
34%
Availles-Limouzine
34%
Ingrandes
34%
Béruges
33%
Nieuil-l'Espoir
33%
Savigny-Lévescault
33%
Savigny-sous-Faye
33%
Avanton
32%
Bonnes
32%
Cissé
32%
Sèvres-Anxaumont
32%
Valdivienne
32%
Angles-sur-l'Anglin
31%
Saint-Jean-de-Sauves
31%
Valence-en-Poitou
31%
Cenon-sur-Vienne
29%
Fleuré
29%
Jardres
29%
Les Trois-Moutiers
29%
Quinçay
29%
Bignoux
28%
Lathus-Saint-Rémy
28%
Antran
27%
L'Isle-Jourdain
27%
Usson-du-Poitou
27%
Boivre-la-Vallée
26%
Celle-Lévescault
26%
Château-Larcher
26%
Latillé
26%
La Villedieu-du-Clain
26%
Lavoux
26%
Lhommaizé
26%
Roches-Prémarie-Andillé
26%
Saint-Germain
26%
Saint-Gervais-les-Trois-Clochers
26%
Saint-Maurice-la-Clouère
26%
La Trimouille
25%
Pleumartin
25%
Thuré
25%
Aslonnes
24%
Ayron
24%
La Chapelle-Moulière
24%
Leigné-les-Bois
24%
Leigné-sur-Usseau
24%
Les Ormes
24%
Port-de-Piles
24%
Queaux
24%
Romagne
24%
Saint-Rémy-sur-Creuse
24%
Sanxay
24%
Adriers
23%
Colombiers
23%
Coulombiers
23%
Persac
23%
Saint-Laurent-de-Jourdes
23%
Chalandray
22%
Champigny en Rochereau
22%
Charroux
22%
Dienné
22%
Marçay
22%
Marigny-Chemereau
22%
Moncontour
22%
Pressac
22%
Tercé
22%
Vernon
22%
Verrières
22%
Bouresse
21%
Champagné-le-Sec
21%
Champagné-Saint-Hilaire
21%
Coussay
21%
Coussay-les-Bois
21%
Le Vigeant
21%
Pouillé
21%
Scorbé-Clairvaux
21%
Archigny
20%
Jazeneuil
20%
Jouhet
20%
Saint-Romain
20%
Vicq-sur-Gartempe
20%
Chouppes
19%
Mazerolles
19%
Moulismes
19%
Oyré
19%
Saint-Sauvant
19%
Saint-Secondin
19%
Savigné
19%
Usseau
19%
Angliers
18%
Chiré-en-Montreuil
18%
La Chapelle-Bâton
18%
Marnay
18%
Saint-Christophe
18%
Sainte-Radégonde
18%
Brion
17%
La Puye
17%
Millac
17%
Monts-sur-Guesnes
17%
Moussac
17%
Ouzilly
17%
Vaux-sur-Vienne
17%
Antigny
16%
Béthines
16%
Brux
16%
Ceaux-en-Loudun
16%
Journet
16%
Roiffé
16%
Saint-Genest-d'Ambière
16%
Sillars
16%
Sommières-du-Clain
16%
Villiers
16%
Anché
15%
Bellefonds
15%
Chapelle-Viviers
15%
Chaunay
15%
Cloué
15%
Coulonges
15%
Curzay-sur-Vonne
15%
Fleix
15%
Gizay
15%
Gouex
15%
La Bussière
15%
La Roche-Rigault
15%
Leignes-sur-Fontaine
15%
Orches
15%
Paizay-le-Sec
15%
Saix
15%
Verrue
15%
Villemort
15%
Bourg-Archambault
14%
Buxeuil
14%
Chabournay
14%
Doussay
14%
Haims
14%
Magné
14%
Maillé
14%
Saint-Léger-de-Montbrillais
14%
Saulgé
14%
Sérigny
14%
Thurageau
14%
Voulon
14%
Vouzailles
14%
Amberre
13%
Blanzay
13%
Château-Garnier
13%
Guesnes
13%
Liniers
13%
Monthoiron
13%
Mouterre-Silly
13%
Mouterre-sur-Blourde
13%
Pindray
13%
Plaisance
13%
Saint-Léomer
13%
Senillé-Saint-Sauveur
13%
Thollet
13%
Yversay
13%
Berthegon
12%
Chenevelles
12%
Frozes
12%
Nalliers
12%
Nérignac
12%
Vellèches
12%
Beuxes
11%
Brigueil-le-Chantre
11%
Cernay
11%
Chatain
11%
Genouillé
11%
Joussé
11%
Lauthiers
11%
Lésigny
11%
Liglet
11%
Mauprévoir
11%
Sammarçolles
11%
Asnières-sur-Blour
10%
Aulnay
10%
La Ferrière-Airoux
10%
Leugny
10%
Mairé
10%
Morton
10%
Sossais
10%
Surin
10%
Val-de-Comporté
10%
Voulême
10%
Asnois
9%
Champniers
9%
Craon
9%
Cuhon
9%
La Grimaudière
9%
Luchapt
9%
Maisonneuve
9%
Nueil-sous-Faye
9%
Payroux
9%
Pouant
9%
Saint-Gaudent
9%
Saint-Laon
9%
Arçay
8%
Berrie
8%
Chalais
8%
Cherves
8%
Curçay-sur-Dive
8%
Dercé
8%
Martaizé
8%
Massognes
8%
Mazeuil
8%
Mondion
8%
Pouançay
8%
Saint-Clair
8%
Saires
8%
Basses
7%
Glénouze
7%
La Chaussée
7%
Linazay
7%
Maulay
7%
Messemé
7%
Prinçay
7%
Ternay
7%
Vézières
7%
Bournand
6%
Lizant
6%
Ranton
6%
Raslay
6%
Aucun quiz correspondant
Distribution des résultats
% des personnes avec chaque résultat
Percentile par nombre de réponses
Votre historique - résultats
Vous n’avez pas pris ce quiz depuis la dernière actualisation